LEADER 01001nam a2200217 i 4500 001 000000209978 003 CaOOAMICUS 005 20260319113957.0 008 120109s1630 xx u000 u mul u 013 $a188770 026 $ae,i- iml- usi- ei** (3) 1630 (R) 040 $aSeMil$bita 245 10$aPars secunda. 300 $a419, [25] p. 500 $aSegn.: a-2t4 2u2 2x-3k4 773 0 $aIulianus, Flavius Claudius <331-363>$tIoulianou Autokratos ta sozomena. Iuliani imp. Opera, quae quidem reperiri potuerunt, omnia. Ea verò partim antehac edita, partim nunc primuùm è manuscriptis eruta, & ad horum fidem accuratissimè castigata, Graecè, Latinéque prodeunt, cum notis.$dParisiis : Sumptibus Sebastiani Cramoisy, viâ Iacobaeâ, sub Ciconijs, 1630.$g2$w()26080 850 $aSeMil 852 $aSeMil$W1$xVenegono$y1$m1X V 73 FA$j160429$B160429$CSeMilBibl$Z2$F171387 $8I 961 $aOmaggio: Deposito 996 $6245$aPars secunda$9(OLS)http://semarc/title/70478